White racism /
Guardado en:
| Hovedforfatter: | |
|---|---|
| Format: | Ukendt |
| Sprog: | English |
| Udgivet: |
New York :
Columbia University Press,
1984.
|
| Fag: | |
| Tags: |
Tilføj Tag
Ingen Tags, Vær først til at tagge denne postø!
|
MARC
| LEADER | 000000000a22000000004500 | ||
|---|---|---|---|
| 001 | 013063 | ||
| 041 | 0 | |a eng | |
| 082 | 0 | 4 | |a 301.45 |b K88w |
| 100 | 1 | |a Kovel, Joel, |d 1936- | |
| 245 | 1 | 0 | |a White racism / |c Joel Kovel. |
| 260 | 1 | |a New York : |b Columbia University Press, |c 1984. | |
| 300 | |a 301 páginas ; |c 21 cm. | ||
| 650 | 4 | |a RACISMO | |
| 650 | 4 | |a STADO UNIDOS | |
| 650 | 4 | |a ASPECTOS PSICOLOGICOS | |
| 650 | 4 | |a PREJUICIOS | |
| 500 | |a Colección George Yúdice | ||
| 999 | |c 19005 |d 19005 | ||
| 942 | |c BK |h 301.45 K88w |2 z | ||
